Výskum v oblasti technológie digitálneho dvojčaťa

Guardado en:
Detalles Bibliográficos
Autor principal: Truhlář, Dávid (Autor)
Otros Autores: Petrík, Matej (Orientador)
Formato: Manuscrito Libro
Lenguaje:eslovaco
Publicado: 2025
Materias:
Acceso en línea:http://is.stuba.sk/zp/portal_zp.pl?podrobnosti=175379
Etiquetas: Agregar Etiqueta
Sin Etiquetas, Sea el primero en etiquetar este registro!

MARC

LEADER 00000ntm a22000003a 4500
001 stuzp102946
003 SK-STU
005 20250614211906.9
007 ta
008 150427s2015----xo-----f-mn---000-0-slo-d
040 |a STU  |b slo 
041 0 |a slo 
100 1 |a Truhlář, Dávid  |u 070400  |4 aut  |U FIIT Fakulta informatiky a informačných technológií  |T FIIT Ústav počítačového inžinierstva a aplikovanej informatiky  |X 120897  |U I400  |Y 672  |7 120897 
242 0 1 |a Research in the field of Digital Twin technology  |y eng 
245 1 0 |a Výskum v oblasti technológie digitálneho dvojčaťa 
260 |c 2025 
650 4 |a Domain Transfer  |2 eng 
650 4 |a Digital Twin  |2 eng 
650 4 |a 5G Networks  |2 eng 
650 4 |a Network State Classification  |2 eng 
650 4 |a Prenos medzi doménami  |2 slo 
650 4 |a Digitálne dvojča  |2 slo 
650 4 |a Klasifikácia sieťového stavu  |2 slo 
650 4 |a 5G siete  |2 slo 
700 1 |a Petrík, Matej  |u 070400  |k Z3  |4 ths  |U FIIT Fakulta informatiky a informačných technológií  |T FIIT Ústav počítačového inžinierstva a aplikovanej informatiky  |X 97006  |U I400  |Y 672  |7 97006 
856 4 |u http://is.stuba.sk/zp/portal_zp.pl?podrobnosti=175379